Hemograma. (Registro nro. 36939)
[ vista simple ]
| 000 -ENCABEZADO | |
|---|---|
| Número de control [NR] | 00984nam a2200301Ia 4500 |
| 008 - DE LONGITUD FIJA DE DATOS DE ELEMENTOS - INFORMACIÓN GENERAL | |
| Elementos de longitud fija [NR] | 130821s2011 br ao gr por |
| 020 ## - NUMERO INTERNACIONAL NORMALIZADO PARA LIBROS [R] | |
| Número Internacional Normalizado del libro [NR] | 9788536325569 |
| 040 ## - FUENTE DE CATALOGACION [NR] | |
| Agencia de catalogación original [NR] | Co-BoUCM |
| Idioma de catalogación [NR] | spa |
| 041 00 - CODIGO DE IDIOMA [R] | |
| Código de idioma para texto/pista de sonido o título separado [R] | Portugués |
| 060 00 - SIGNATURA TOPOGRAFICA DE LA BIBLIOTECA NACIONAL DE MEDICINA (NLM) [R] | |
| Número clasificador [R] | WH 400 |
| 100 1# - ASIENTO PRINCIPAL--NOMBRE PERSONAL [NR] | |
| Nombre personal [NR] | Failace, Renato |
| 245 10 - MENCION DE TITULO [NR] | |
| Título [NR] | Hemograma. |
| Mención de responsabilidad, etc. [NR] | Renato Failace ; colaboradores Flavo Beno Fernandes, Rafael Failace : traducción Naila Freitas |
| 250 ## - MENCION DE EDICION [NR] | |
| Mención de edición [NR] | 5a ed. |
| 260 ## - PUBLICACION, DISTRIBUCION, ETC. (PIE DE IMPRENTA) [R] | |
| Lugar de publicación, distribución, etc. [R] | Puerto Alegre (Brasil) |
| Nombre del editor, distribuidor, etc. [R] | ARTMED Editora |
| Fecha de publicación, distribución, etc. [R] | 2011 |
| 300 ## - DESCRIPCION FISICA [R] | |
| Extensión [R] | xii, 439 páginas |
| Otros detalles físicos [NR] | ilustraciones, gráficas, fotografías |
| 500 ## - NOTA GENERAL [R] | |
| Nota general [NR] | Incluye índice. |
| 650 04 - ASIENTO SECUNDARIO DE MATERIA - TERMINO TEMATICO [R] | |
| Término temático o nombre geográfico como elemento de entrada [NR] | Análisis clínico |
| 9 (RLIN) | 91 |
| 650 04 - ASIENTO SECUNDARIO DE MATERIA - TERMINO TEMATICO [R] | |
| Término temático o nombre geográfico como elemento de entrada [NR] | Anemia |
| 9 (RLIN) | 9049 |
| 650 04 - ASIENTO SECUNDARIO DE MATERIA - TERMINO TEMATICO [R] | |
| Término temático o nombre geográfico como elemento de entrada [NR] | Eritograma |
| 9 (RLIN) | 190 |
| 650 04 - ASIENTO SECUNDARIO DE MATERIA - TERMINO TEMATICO [R] | |
| Término temático o nombre geográfico como elemento de entrada [NR] | Hematología |
| 9 (RLIN) | 222 |
| 650 04 - ASIENTO SECUNDARIO DE MATERIA - TERMINO TEMATICO [R] | |
| Término temático o nombre geográfico como elemento de entrada [NR] | Patología |
| 9 (RLIN) | 323 |
| 650 04 - ASIENTO SECUNDARIO DE MATERIA - TERMINO TEMATICO [R] | |
| Término temático o nombre geográfico como elemento de entrada [NR] | Plaquetas |
| 9 (RLIN) | 337 |
| 650 04 - ASIENTO SECUNDARIO DE MATERIA - TERMINO TEMATICO [R] | |
| Término temático o nombre geográfico como elemento de entrada [NR] | Recuento de células sanguíneas |
| 9 (RLIN) | 23173 |
| 700 1# - ASIENTO SECUNDARIO - NOMBRE PERSONAL [R] | |
| Nombre personal [NR] | Beno Fernandes, Flavo |
| 700 1# - ASIENTO SECUNDARIO - NOMBRE PERSONAL [R] | |
| Nombre personal [NR] | Failace, Rafael |
| 700 1# - ASIENTO SECUNDARIO - NOMBRE PERSONAL [R] | |
| Nombre personal [NR] | Freitas, Naila |
| Término de relación [R] | |
| 942 ## - ELEMENTOS DE ENTRADA AGREGADOS (KOHA) | |
| Tipo de ítem principal el descrito en 300a | Libro |
| Tema principal | Medicina |
| Edición | 5 |
| Parte restante de la signatura top. | F161h |
| Sistema de clasificación | NLM |
| Clasificación | WH 400 |
| Título oculto en OPAC | No |
| Fecha de último préstamo | Total préstamos | Total Renewals | Signatura topográfica | Código de barras | Última vez visto | Volúmen / Fascículo | Ejemplar | Price effective from | Tipo de ítem | Perdido | Sistema de clasificación | Dañado | No prestable | Tipo de ítem específico | Suprimido | Ubicación habitual | Ubicación actual | Localización | Fecha de creación | Forma de adquisición | Costo |
|---|---|---|---|---|---|---|---|---|---|---|---|---|---|---|---|---|---|---|---|---|---|
| 02/05/2024 | 34 | 30 | WH 400 F161h | 200022648 | 11/12/2025 | 5a. Ed. | Ej.1 | 03/02/2013 | Libro | NLM | Libro | Quinta de Mutis | Quinta de Mutis | 2do piso | 28/02/2012 | Compra | 96000.00 | ||||
| 19/05/2026 | 36 | 34 | WH 400 F161h | 200022647 | 03/06/2026 | 5a. Ed. | Ej.2 | 03/02/2013 | Libro | NLM | Libro | Quinta de Mutis | Quinta de Mutis | 2do piso | 28/02/2012 | Compra | 96000.00 |